01425nam a22003857a 4500003000500000005001700005008004100022010000900063011000900072035000900081040000900090090001000099100003800109245004100147260004000188300001100228502009800239590003700337590004100374590004100415590004100456590004100497590004100538590004200579650006100621650004700682650004500729650002500774700004000799901000700839942001000846949004100856999001500897952012700912CHAP20250613132014.0971013s1993 r 00010 d a8213 a9185 a8419 cCHAP aTesis00aAcosta Caro, Carlos Alberto.9638 aDiseño de una plantadora de piña aChapingo, Méx. :bEl autor,c1993 a180 h. aTesis (Ing. Mecánico Agríc.) -- UACH. Deparatamento de Ingeniería Mecánica Agrícola aALEPHb10c20130110lUCH01h1222 aBATCH-UPDb10c20130110lUCH01h0114 aBATCH-UPDb10c20130110lUCH01h1004 aBATCH-UPDb10c20130409lUCH01h2106 aBATCH-UPDb10c20130410lUCH01h0614 aBATCH-UPDb10c20130914lUCH01h1906 aCONVERSIONb10c20130109lUCH01h130617aPiña (Ananas comosus)xCostos de producción298839517aPiña (Ananas comosus)xVeracruz298842817aPiña (Ananas comosus)zOaxaca298843114aSembradoras.91038540 aMartínez García, Ramiro.972071 aBK cTESIS bBCcTESd-18618eTS1h26268i8419si c8213d8213 00102local4051708TESISaBCbBCcPA_TESISd2019-12-31fTESISl0oTesisp-18618r2019-12-31 00:00:00w2019-12-31yTESIS